Normal view
MARC view
- Lorraine Elliot, William H. Schaedla
Entry Personal Name
001 - CONTROL NUMBER
- control field: 9222
003 - CONTROL NUMBER IDENTIFIER
- control field: OSt
005 - DATE AND TIME OF LATEST TRANSACTION
- control field: 20200914102908.0
008 - FIXED-LENGTH DATA ELEMENTS
- fixed length control field: 200914|| aca||aabn | a|a d
040 ## - CATALOGING SOURCE
- Original cataloging agency: OSt
- Transcribing agency: OSt
100 ## - HEADING--PERSONAL NAME
- Personal name: Lorraine Elliot, William H. Schaedla
- Dates associated with a name: 2016
670 ## - SOURCE DATA FOUND
- Source citation: Work cat.: (OSt): Lorraine Elliot, William H. Schaedla 2016, HANDBOOK OF :Transnational Environmental Crime, [2016] United Kingdom

PORTAL AKMAL
E-MEL JKDM
AKMAL2U
G-BAM
u-PUSTAKA